أسامة بن منقذ : (Record no. 14139)
[ view plain ]
| 000 -الفاتح | |
|---|---|
| حقل البيانات ثابتة الطول | 01458nam a2200289 i 4500 |
| 003 - محدد رقم الضبط | |
| رقم الضبط | EG-ScBUE |
| 005 - وقت وتاريخ اخر تعامل مع التسجيلة | |
| رقم الضبط | 20231130133918.0 |
| 008 - عناصر البيانات ثابتة الطول - معلومات عامة | |
| حقل البيانات ثابتة الطول | 100621s1981 ua f b 000 0bara d |
| 017 ## - رقم الإيداع القانونى | |
| رقم الإيداع القانونى | 81 / 3629 |
| 020 ## - الرقم الدولى المعيارى للكتب | |
| الرقم الدولى المعيارى للكتاب | 9777345569 |
| 040 ## - مصدر الفهرسة | |
| وكالة الفهرسة الأصلية | EG-ScBUE |
| لغة الفهرسة | ara |
| قواعد الوصف | rda |
| وكالة النسخ | EG-ScBUE |
| وكالة التعديل | EG-ScBUE |
| 082 04 - رقم تصنيف ديوى العشرى | |
| رقم المادة | ع ب س |
| رقم الطبعة | 22 |
| رقم التصنيف | 928.1 |
| 100 1# - المدخل الرئيسى - إسم شخصى | |
| 9 (RLIN) | 14944 |
| الإسم الشخصى | عباس، حسن، |
| الدور | مؤلف. |
| 245 10 - بيان العنوان | |
| العنوان | أسامة بن منقذ : |
| بقية العنوان | حياته وشعره / |
| بيان المسئوليه,etc | تأليف حسن عباس، مدرس الأدب العربي المساعد بجامعة أسيوط ؛ تقديم الدكتور محمد مصطفي هدارة، أستاذ الأدب العربي بجامعة الإسكندرية ووكيل كلية الآداب. |
| 264 #1 - النشر، التوزيع | |
| مكان الناشر او الموزع | الإسكندرية، مصر : |
| اسم الناشر او الموزع | الهيئة المصرية العامة للكتاب، |
| تاريخ النشر أو التوزيع | 1981. |
| 300 ## - الوصف المادى | |
| التعداد | 2 جزء في مجلد ؛ |
| أبعاد الوعاء | 24 سم |
| 336 ## - نوع المحتوى | |
| source | rdacontent |
| Carrier Type Term | نص |
| Content Type Code | txt |
| 337 ## - نوع الوسيط | |
| source | rdamedia |
| Media Type Term | بدون وسيط |
| Media Type Code | n |
| 338 ## - نوع الحامل أو الناقل | |
| source | rdacarrier |
| Carrier Type Term | مجلد |
| Carrier Type Code | nc |
| 504 ## - تبصرة ببليوجرافية | |
| تبصرة ببليوجرافية,الخ | يشتمل علي إرجاعات ببليوجرافية. |
| 505 ## - تبصرة محتويات-الفهرس | |
| تبصرة المحتويات المصاغة | الجزء الأول. حياته وشعره -- الجزء الثاني. الكاتب-الناقد-المؤرخ. |
| 600 17 - المدخل الاضافى بالموضوع-اسم شخصى | |
| مصدر الرأس أو المصطلح | BUEsh |
| الإسم الشخصى | ابن منقذ، أسامة بن مرشد، |
| التواريخ المصاحبة للاسم | 488-584 هـ. |
| 650 #7 - المدخل الاضافى بالموضوع-مصطلح موضوعى | |
| 9 (RLIN) | 8631 |
| مصطلح موضوعي أو اسم جغرافي كعنصر مدخل | الشعراء العرب |
| التقسيم الفرعي العام | تراجم. |
| مصدر الرأس أو المصطلح | BUEsh |
| 655 ## - مصطلح تكشيفى-نوع/شكل | |
| التقسيم الفرعي الشكلي | Reading book |
| 700 1# - المدخل الاضافى - اسم شخصى | |
| 9 (RLIN) | 14943 |
| الإسم الشخصى | هدارة، محمد مصطفي، |
| الدور | مقدم. |
| 942 ## - عناصر المدخل الإضافي( كوها) | |
| مصدر التصنيف او مخطط الترفيف | Dewey Decimal Classification |
| Koha [default] item type | Book - Borrowing |
| حالة التراجع | حالة الفقد | مصدر التصنيف او خطة الترفيف | حالة تلف | ليس للاعارة | مجموعات كوها | المكان الدائم | المكان الحالي | موقع الترفيف | تاريخ الاكتساب | Source of acquisition | رقم الاستدعاء | الباركود | Date last seen | نوع الوعاء |
|---|---|---|---|---|---|---|---|---|---|---|---|---|---|---|
| Dewey Decimal Classification | Baccah | Central Library | Central Library | Second Floor | 21/06/2010 | Purchase | 928.1 ع ب ا | 000020892 | 15/07/2025 | Book - Borrowing |